01304nam a2200325 a 4500001001100000003000800011006001900019007001500038008004100053010001700094020002800111040002100139035002000160050002700180082002200207100001800229245008100247260003900328300002400367504006600391533015200457600005900609600003100668650004700699650004400746655002900790710001700819856012500836999001700961ebr5007046CaPaEBRm u cr cn|||||||||990301s1999 ctua sb 001 0deng  z 99014383  z0275966054 (alk. paper) aCaPaEBRcCaPaEBR a(OCoLC)7076615114aPG3465.Z9bP699 1999eb04a891.78/309aB2211 aYedlin, Tova.10aMaxim Gorkyh[electronic resource] :ba political biography /cTovah Yedlin. aWestport, Conn. :bPraeger,c1999. axiv, 260 p. :bill. aIncludes bibliographical references (p. [241]-247) and index. aElectronic reproduction.bPalo Alto, Calif. :cebrary,d2013.nAvailable via World Wide Web.nAccess may be limited to ebrary affiliated libraries.10aGorky, Maksim,d1868-1936xPolitical and social views.10aGorky, Maksim,d1868-1936. 0aAuthors, Russiany20th centuryvBiography. 0aCommunism and literaturezSoviet Union. 7aElectronic books.2local2 aebrary, Inc.40uhttp://site.ebrary.com/lib/rucke/Doc?id=5007046zAn electronic book accessible through the World Wide Web; click to view c21136d21136